Towards a non-Brahmin millennium : (Record no. 19566)

MARC details
000 -LEADER
fixed length control field 01317cam a2200349 a 4500
001 - CONTROL NUMBER
control field 11834409
003 - CONTROL NUMBER IDENTIFIER
control field BDDh-ASL
005 - DATE AND TIME OF LATEST TRANSACTION
control field 20231015025804.0
008 - FIXED-LENGTH DATA ELEMENTS--GENERAL INFORMATION
fixed length control field 990924s1998 ii b 001 0 eng
010 ## - LIBRARY OF CONGRESS CONTROL NUMBER
LC control number 99933783
020 ## - INTERNATIONAL STANDARD BOOK NUMBER
International Standard Book Number 8185604371
025 ## - OVERSEAS ACQUISITION NUMBER
Overseas acquisition number I-E-99-933783; 61-92; 61-00
035 ## - SYSTEM CONTROL NUMBER
System control number (DLC) 99933783
037 ## - SOURCE OF ACQUISITION
Source of stock number/acquisition Library of Congress -- New Delhi Field Office
Terms of availability Rs300.00
040 ## - CATALOGING SOURCE
Original cataloging agency DLC
Transcribing agency DLC
Modifying agency BDDh-ASL
042 ## - AUTHENTICATION CODE
Authentication code lcode
043 ## - GEOGRAPHIC AREA CODE
Geographic area code a-ii---
050 00 - LIBRARY OF CONGRESS CALL NUMBER
Classification number DS485.M28
Item number K57 1998
082 ## - DEWEY DECIMAL CLASSIFICATION NUMBER
Classification number 294.5
Item number GET
100 1# - MAIN ENTRY--PERSONAL NAME
Personal name Kītā, Va.
245 10 - TITLE STATEMENT
Title Towards a non-Brahmin millennium :
Remainder of title from Iyothee Thass to Periyar /
Statement of responsibility, etc. V. Geetha and S.V. Rajadurai.
260 ## - PUBLICATION, DISTRIBUTION, ETC.
Place of publication, distribution, etc. Calcutta :
Name of publisher, distributor, etc. Samya ; in association with Book Review Literary Trust ;
Place of publication, distribution, etc. Mumbai :
Name of publisher, distributor, etc. Distributed by Bhatkal Book International,
Date of publication, distribution, etc. 1998.
300 ## - PHYSICAL DESCRIPTION
Extent xvi, 556 p. :
Dimensions 22 cm.
504 ## - BIBLIOGRAPHY, ETC. NOTE
Bibliography, etc. note Includes bibliographical references (p. [531]-540) and index.
520 ## - SUMMARY, ETC.
Summary, etc. On non-Brahmin-Dravidian movement in Tamil Nadu, India.
650 #0 - SUBJECT ADDED ENTRY--TOPICAL TERM
Topical term or geographic name entry element Dravidians
General subdivision Politics and government
Chronological subdivision 20th century.
651 #0 - SUBJECT ADDED ENTRY--GEOGRAPHIC NAME
Geographic name Tamil Nadu (India)
General subdivision Politics and government
Chronological subdivision 20th century.
700 1# - ADDED ENTRY--PERSONAL NAME
Personal name Rājaturai, Es. Vi.
906 ## - LOCAL DATA ELEMENT F, LDF (RLIN)
a 7
b cbc
c origode
d 3
e ncip
f 19
g y-gencatlg
942 ## - ADDED ENTRY ELEMENTS (KOHA)
Source of classification or shelving scheme Dewey Decimal Classification
Koha item type Books
Holdings
Withdrawn status Lost status Source of classification or shelving scheme Damaged status Not for loan Collection code Home library Current library Shelving location Date acquired Source of acquisition Total Checkouts Full call number Barcode Date last seen Copy number Price effective from Koha item type Public note
    Dewey Decimal Classification   Not For Loan Non-fiction Asiatic Society Library Asiatic Society Library Ludden Collection 12/13/2020 Donated by Prof. David Ludden   294.5 GET 102913 12/13/2020 C-1 12/13/2020 Books RARE

Powered by Koha